| 000 -LEADER |
| fixed length control field |
01242cam a2200349Ma 4500 |
| 001 - CONTROL NUMBER |
| control field |
.b25932512 |
| 003 - CONTROL NUMBER IDENTIFIER |
| control field |
OCoLC |
| 005 - DATE AND TIME OF LATEST TRANSACTION |
| control field |
20241030173514.0 |
| 008 - FIXED-LENGTH DATA ELEMENTS--GENERAL INFORMATION |
| fixed length control field |
161128s2013 enk 000 0 eng |
| 020 ## - INTERNATIONAL STANDARD BOOK NUMBER |
| International Standard Book Number |
9780007420124 |
| Qualifying information |
(pbk.) |
| 020 ## - INTERNATIONAL STANDARD BOOK NUMBER |
| International Standard Book Number |
0007420129 |
| 035 ## - SYSTEM CONTROL NUMBER |
| System control number |
(OCoLC)765526026 |
| 040 ## - CATALOGING SOURCE |
| Original cataloging agency |
AU@ |
| Language of cataloging |
eng |
| Transcribing agency |
AU@ |
| Modifying agency |
OCLCQ |
| -- |
OCLCO |
| -- |
OCLCA |
| -- |
OCLCQ |
| -- |
OCLCO |
| -- |
UKMGB |
| -- |
OCLCQ |
| -- |
OCLCO |
| -- |
YDXCP |
| -- |
OCLCF |
| -- |
OCLCO |
| -- |
RDI |
| -- |
KH8 |
| 041 1# - LANGUAGE CODE |
| Language code of text/sound track or separate title |
eng |
| -- |
jpn |
| 042 ## - AUTHENTICATION CODE |
| Authentication code |
nbic |
| 082 04 - DEWEY DECIMAL CLASSIFICATION NUMBER |
| Classification number |
355.02 TZU |
| Edition number |
23 |
| 100 0# - MAIN ENTRY--PERSONAL NAME |
| Personal name |
Sunzi, |
| Relator term |
author. |
| 245 14 - TITLE STATEMENT |
| Title |
The art of war / |
| Statement of responsibility, etc. |
Sun Tzu ; [translated by Lionel Giles] |
| 250 ## - EDITION STATEMENT |
| Edition statement |
Harper Press paperback edition. |
| 260 ## - PUBLICATION, DISTRIBUTION, ETC. |
| Place of publication, distribution, etc. |
London : |
| Name of publisher, distributor, etc. |
Harper Press, |
| Date of publication, distribution, etc. |
2013. |
| 300 ## - PHYSICAL DESCRIPTION |
| Extent |
viii, 96 pages ; |
| Dimensions |
18 cm. |
| 336 ## - CONTENT TYPE |
| Content type term |
text |
| Content type code |
txt |
| Source |
rdacontent. |
| 337 ## - MEDIA TYPE |
| Media type term |
unmediated |
| Media type code |
n |
| Source |
rdamedia. |
| 338 ## - CARRIER TYPE |
| Carrier type term |
volume |
| Carrier type code |
nc |
| Source |
rdacarrier. |
| 490 0# - SERIES STATEMENT |
| Series statement |
Collins classics. |
| 520 ## - SUMMARY, ETC. |
| Summary, etc. |
Classic fiction. Readers will love reading their favourite classics in this new Collins Classics series. |
| 546 ## - LANGUAGE NOTE |
| Language note |
Translated from the Japanese. |
| 650 #0 - SUBJECT ADDED ENTRY--TOPICAL TERM |
| Topical term or geographic name entry element |
Military art and science |
| Form subdivision |
Early works to 1800. |
| 650 #7 - SUBJECT ADDED ENTRY--TOPICAL TERM |
| Topical term or geographic name entry element |
Military art and science. |
| Source of heading or term |
fast |
| Authority record control number or standard number |
(OCoLC)fst01020874. |
| 655 #7 - INDEX TERM--GENRE/FORM |
| Genre/form data or focus term |
Early works. |
| Source of term |
fast |
| Authority record control number or standard number |
(OCoLC)fst01411636. |
| 942 ## - ADDED ENTRY ELEMENTS (KOHA) |
| Source of classification or shelving scheme |
|
| Koha item type |
Teaching Resources |